| 000 | 02116nam a2200637 i 4500 | ||
|---|---|---|---|
| 001 | 35302 | ||
| 003 | KOSZ 005 | ||
| 005 | 20240405063107.0 | ||
| 008 | 231027s1994 pl a g 001 0apol | ||
| 015 | _aUWD 1994/7413 | ||
| 020 | _a8301115491 | ||
| 035 | _a991000598989705066 | ||
| 035 | _a(PL-WaBN)b10201610-48omnis_nlop | ||
| 035 | _ab10201610 | ||
| 035 | _a(OCoLC)749703718 | ||
| 035 | _azz2005870229 | ||
| 035 | _a(PL)b0000001020161 | ||
| 035 | _a(EXLNZ-48OMNIS_NETWORK)9910287616105606 | ||
| 040 |
_aWA N _cWA N _dKOSZ 005/RW |
||
| 045 |
_bd1931 _bd1956 |
||
| 046 | _k1994 | ||
| 080 | _a94(438).081/.082.2 | ||
| 080 | _a94(438).083.3 | ||
| 080 | _a929-051(438) | ||
| 100 | 1 |
_aTarasiewicz, Zenon _d(1911-1994) _eAutor |
|
| 245 | 1 | 0 |
_aWspomnienia żołnierza / _cZenon Tarasiewicz. |
| 250 | _aWydanie I. | ||
| 260 |
_aWarszawa : _bWydawnictwo Naukowe PWN, _c1994. |
||
| 300 |
_a180 stron, [24] strony tablic : _bfaksy, fotografie, plany, portrety ; _c21 cm. |
||
| 336 |
_aTekst _btxt _2rdacontent |
||
| 337 |
_aBez urządzenia pośredniczącego _bn _2rdamedia |
||
| 338 |
_aWolumin _bnc _2rdacarrier |
||
| 380 | _aKsiążki | ||
| 380 | _aLiteratura faktu, eseje, publicystyka | ||
| 388 | 1 | _a1901-2000 | |
| 388 | 1 | _a1989-2000 | |
| 504 | _aIndeks. | ||
| 600 | 1 | 7 |
_aTarasiewicz, Zenon _d(1911-1994) _2DBN |
| 610 | 2 | 7 |
_aArmia Krajowa (AK) _2DBN |
| 648 | 7 |
_a1901-2000 _2DBN |
|
| 648 | 7 |
_a1918-1939 _2DBN |
|
| 648 | 7 |
_a1939-1945 _2DBN |
|
| 648 | 7 |
_a1945-1989 _2DBN |
|
| 650 | 7 |
_aII wojna światowa (1939-1945) _2DBN |
|
| 650 | 7 |
_aPowstanie warszawskie (1944) _2DBN |
|
| 650 | 7 |
_aWięźniowie polityczni _2DBN |
|
| 650 | 7 |
_aWojsko _2DBN |
|
| 651 | 7 | _aPolska | |
| 655 | 7 |
_aPamiętniki polskie _2DBN |
|
| 658 | _aBezpieczeństwo i wojskowość | ||
| 658 | _aHistoria | ||
| 710 | 2 |
_aWydawnictwo Naukowe PWN _4pbl |
|
| 856 |
_uhttp://koha.tu.koszalin.pl/cgi-bin/koha/opac-detail.pl?biblionumber=35302 _yKatalog online BPK |
||
| 942 |
_2UKD _cKS |
||
| 999 |
_c35302 _d35302 |
||